Alternativas constructivas de solución a riesgos por incendios en la Escuela de Química de la Universidad de Costa Rica
Na minha lista:
| Autor principal: | |
|---|---|
| Formato: | Livro |
| Publicado em: |
[San José, Costa Rica]
2008
|
| Assuntos: | |
| Tags: |
Adicionar Tag
Sem tags, seja o primeiro a adicionar uma tag!
|
MARC
| LEADER | 00000nam a2200000Ia 4500 | ||
|---|---|---|---|
| 003 | 001112 | ||
| 005 | 20221231144100.0 | ||
| 008 | 140114s2008 cr a 000 | s d | ||
| 040 | |c cru CEDI | ||
| 090 | |a TFG 5637 | ||
| 100 | |a Orozco Campos, Eddy |9 4381 | ||
| 245 | |a Alternativas constructivas de solución a riesgos por incendios en la Escuela de Química de la Universidad de Costa Rica | ||
| 260 | |c 2008 |b [San José, Costa Rica] | ||
| 300 | |a 100, [38] hojas (algunas plegables); ilustraciones a color, planos | ||
| 500 | |a Tesis (licenciatura en ingeniería civil)--Universidad de Costa Rica. Escuela de Ingeniería Civil | ||
| 650 | |x INCENDIOS - MEDIDAS DE SEGURIDAD |x INCENDIOS - PREVENCION |x UNIVERSIDAD DE COSTA RICA. FACULTAD DE CIENCIAS. ESCUELA DE QUIMICA |x MANUALES |x EVALUACION DE RIESGOS CONTRA INCENDIOS |x PROGRAMAS |9 4382 | ||
| 942 | |c TFG | ||
| 999 | |c 16624 |d 16624 | ||
